000 00304nam a22001097a 4500
008 170110b xxu||||| |||| 00| 0 eng d
020 _a0071470581
041 _aeng
080 _22ND
_a618.2
245 _aFIRST AID FOR THE USMLE STEP 2 CS
_cLE ,T & BHUSHAN, V & SHEIKH-ALI, M & SHAHIN, F.A
942 _2udc
_cBK
999 _c2629
_d2629